Statistiques concernant Races de chien allemandes

Cliquez ici pour prendre le quiz!

Statistiques générales

  • Ce quiz a été pris 7 fois
  • Le résultat moyen est 6 sur 32

Statistiques - réponses

Réponse% Correct
Berger Allemand
100%
Dobermann
71%
Teckel
71%
Boxer
57%
Dogue Allemand
57%
Rottweiler
57%
Braque Allemand à Poil Court
43%
Spitz Allemand
43%
Braque de Weimar
14%
Eurasier
14%
Leonberg
14%
Pinscher Nain
14%
Schnauzer
14%
Affenpinscher
0%
Basset de Westphalie
0%
Brachet Allemand
0%
Chien d'Oysel Allemand
0%
Chien Rouge de Bavière
0%
Chien Rouge de Hanovre
0%
Draahthar
0%
Dutch Langhaar
0%
Grand Épagneul de Münster
0%
Hovawart
0%
Jagdterrier
0%
Kromfohrländer
0%
Petit Chien Lion
0%
Petit Épagneul de Münster
0%
Pinscher Allemand
0%
Pudelpointer
0%
Schnauzer Géant
0%
Schnauzer Nain
0%
Stichelhaar
0%

Distribution des résultats

Percentile par nombre de réponses

% des personnes avec chaque résultat

Votre développement - résultats

Vous n’avez pas pris ce quiz